00827nam a2200241 a 4500001001000000003000500010005001700015008004100032010001100073011001100084020001800095040000900113082001700122100001800139245013300157260007800290300002800368490002000396534010700416650002400523700001800547830002000565000107852CHAP20220329143946.0131111s2011 fr a |r| |||||||spa d a104314 a105286 a9786070227622 cCHAP04a338.542bK261 aKeeley, Brian10aDe la crisis a la recuperación :bcausas, desarrollo y consecuencias de la gran recesión /cpor Brian Keeley y Patrick Love. aParís :bUNAM. Instituto de Investigaciones EconómicasbOCDE,cc2011. a157 p. :bil., gráfs.1 aEsenciales OCDE pTít. original :tFrom crisis to recovery: the causes, course and consequences of the great recession14aCrisis económica.1 aLove, Patrick 0aEsenciales OCDE